000 01135cam a22003378i 4500
001 SSB064147
003 PILC
005 20150228081604.0
008 131122s2015 nyu b 001 0 eng
010 _a2013045409
020 _a9780078112898 (alk. paper)
020 _a9781259094842 (McGrawHill international edition)
040 _aDLC
_beng
_cDLC
_erda
042 _apcc
050 0 0 _aHD 30.28
_b.G143 2015
100 1 _aGamble, John
_q(John E.)
245 1 0 _aEssentials of strategic management :
_bthe quest for competitive advantage /
_cJohn E. Gamble, Arthur A. Thompson, Jr. and Margaret A. Peteraf.
250 _a4th ed.
260 _aNew York, NY :
_bMcGraw-Hill Education,
_cc2015.
263 _a1501.
300 _axl, 440 pages :
_bcolor illustrations ;
_c26 cm.
504 _aIncludes bibliographical references and index.
521 _aBusiness Administration
650 0 _aStrategic planning.
650 0 _aBusiness planning.
650 0 _aCompetition.
650 0 _aStrategic planning
_vCase studies.
700 1 _aThompson, Arthur A.,
_d1940-
700 1 _aPeteraf, Margaret Ann.
942 _2lcc
_cBK
999 _c283645
_d283645